| 000 | 00552nam a2200229Ia 4500 | ||
|---|---|---|---|
| 003 | OSt | ||
| 005 | 20221007115508.0 | ||
| 006 | a|||||r|||| 00| 0 | ||
| 007 | ta | ||
| 008 | 221006b |||||||| |||| 00| 0 eng d | ||
| 024 | _a37,235 | ||
| 037 | _cTextual | ||
| 040 |
_aLCO _cLCO _beng |
||
| 041 |
_2eng _aeng |
||
| 082 | _aX5:5:(Z73y7), Q6 | ||
| 100 |
_aAYAL (Adi) _9709677 |
||
| 245 | 0 | _aFairness in Antitrust | |
| 260 | _c2016 | ||
| 300 | _a220 | ||
| 942 |
_hX5:5:(Z73y7), Q6 _cTEXL |
||
| 999 |
_c1206798 _d1206798 |
||